| 000 | 00584nam a2200217Ia 4500 | ||
|---|---|---|---|
| 001 | 26417 | ||
| 003 | AR-BaAGN | ||
| 005 | 20231116141909.0 | ||
| 007 | ta | ||
| 008 | 211213s1927 xx |||||||||||||| ||spa d | ||
| 040 |
_dAR-BaAGN _aAR-BaAGN _bspa _eaacr |
||
| 100 | _aIsla, Eduardo | ||
| 245 | 1 | 0 |
_aIrigoyen...¡tal cual es! / _cEduardo Isla |
| 260 |
_a[Lugar de publicación no identificado] : _b[editor no identificado], _c1927. |
||
| 300 | _a510 páginas | ||
| 336 |
_2rdacontent _btxt |
||
| 337 |
_2rdamedia _bn |
||
| 338 |
_2rdacarrier _bnc |
||
| 942 | _cLIBRO | ||
| 999 |
_c26417 _d26417 |
||